América Latina y las tendencias de la globalización: referencias, invocaciones y desafíos /
Los autores realizan un examen del surgimiento, durante las últimas décadas, de una nueva conformación mundial de la relación de capital, signada por la destrucción de los antiguos mundos "junto a las promesas de otros nuevos, vividas empero como horizonte y como espejismos, contra la realidad...
Guardado en:
| 主要作者: | |
|---|---|
| 格式: | Texto |
| 主題: | |
| 標簽: |
添加標簽
沒有標簽, 成為第一個標記此記錄!
|
MARC
| LEADER | 00000 a a2200000 04500 | ||
|---|---|---|---|
| 001 | 42367 | ||
| 003 | |||
| 040 | |||
| 100 | |a Salinas Figueredo, Darío | ||
| 245 | |a América Latina y las tendencias de la globalización: |b referencias, invocaciones y desafíos / |c Darío Salinas Figueredo | ||
| 520 | |a Los autores realizan un examen del surgimiento, durante las últimas décadas, de una nueva conformación mundial de la relación de capital, signada por la destrucción de los antiguos mundos "junto a las promesas de otros nuevos, vividas empero como horizonte y como espejismos, contra la realidad de un presente desgarrado en sus socialidades y amenaza de catástrofes bélicas y ecológicas". | ||
| 590 | |a RRA/DICIEMBRE2011 | ||
| 650 | |a 1.MERCADO | ||
| 650 | |a 2.NEOLIBERALISMO | ||
| 650 | |a 3.CAMBIO SOCIAL | ||
| 650 | |a 4.TRABAJO | ||
| 650 | |a 5.TECNOLOGIA | ||
| 650 | |a 6.MEDIO AMBIENTE | ||
| 773 | |g páginas 23-45 | ||
| 999 | |c 37614 |d 37614 | ||
